000 00780nam a2200229Ia 4500
001 17201
003 GE_BSU
008 181216s||||||||xx |||||||||||||| ||und||
040 _cGE_BSU
080 _a82-93:821.161.1-1
100 _aსმირნოვი, ს.
245 _aწინ არის მთელი სიცოცხლე
245 _bლექსები
245 _cავტ. წინასიტყვაობით. რედ. გ. კაჭახიძე
260 _aთბილისი
260 _bნაკადული
260 _c1960
300 _a87გვ. : 1ფ. პორტრ. ; 17სმ..
653 _aლექსები
653 _aწინ არის მთელი სიცოცხლე
942 _cBK
999 _c50263
_d50263